| 000 | 00805naa a22002537u 4500 | ||
|---|---|---|---|
| 001 | 04502 | ||
| 003 | HDC | ||
| 007 | cr bn ---aaaaa | ||
| 008 | 210116t xx 000 0 eng | ||
| 040 | _aHDC | ||
| 245 | 0 | _aBest Practices for Campus Food Systems / | |
| 260 |
_a[No place] : _b[publisher not identified], _c[no year] |
||
| 300 | _a9 pages | ||
| 336 |
_atext _2rdacontent |
||
| 337 |
_acomputer _2rdamedia |
||
| 338 |
_aonline resource _2rdacarrier |
||
| 650 |
_aFood industry and trade _9140 |
||
| 650 |
_aFood _91783 |
||
| 650 |
_aFood _xQuality _91403 |
||
| 856 | _zRequest full-text at [email protected] | ||
| 942 | _2lcc | ||
| 942 | _cEIS | ||
| 942 | _kEMAG 000001 | ||
| 999 |
_c1827 _d1827 |
||